Lý thuyết thông tin
Salvato in:
| Autore principale: | |
|---|---|
| Natura: | Libro |
| Lingua: | Undetermined |
| Pubblicazione: |
TP.HCM
Đại học Quốc gia TP.HCM
2008
|
| Soggetti: | |
| Accesso online: | http://lrc.tdmu.edu.vn/opac/search/detail.asp?aID=2&ID=3704 |
| Tags: |
Aggiungi Tag
Nessun Tag, puoi essere il primo ad aggiungerne! !
|
| Thư viện lưu trữ: | Trung tâm Học liệu Trường Đại học Thủ Dầu Một |
|---|
| LEADER | 00591nam a2200193Ia 4500 | ||
|---|---|---|---|
| 001 | TDMU_3704 | ||
| 008 | 210410s9999 xx 000 0 und d | ||
| 082 | |a 621.382 | ||
| 090 | |b H6501 | ||
| 100 | |a Hồ, Văn Quân | ||
| 245 | 0 | |a Lý thuyết thông tin | |
| 245 | 0 | |c Hồ Văn Quân | |
| 260 | |a TP.HCM | ||
| 260 | |b Đại học Quốc gia TP.HCM | ||
| 260 | |c 2008 | ||
| 300 | |a 203tr. | ||
| 650 | |a Lý thuyết thông tin | ||
| 856 | |u http://lrc.tdmu.edu.vn/opac/search/detail.asp?aID=2&ID=3704 | ||
| 980 | |a Trung tâm Học liệu Trường Đại học Thủ Dầu Một | ||